Geography Quiz

Random Geography or State Quiz

State Capitals by Sunset Time Quiz Stats

 Plays Quiz not verified by Sporcle

Score 0/50 Timer 09:00
0 Plays Today
Answer % Correct
Boston, MA
89.7%
Providence, RI
89.7%
Augusta, ME
84.6%
Concord, NH
79.5%
Hartford, CT
76.9%
Dover, DE
71.8%
Honolulu, HI
71.8%
Trenton, NJ
69.2%
Annapolis, MD
69.2%
Albany, NY
69.2%
Raleigh, NC
66.7%
Montpelier, VT
66.7%
Harrisburg, PA
66.7%
Juneau, AK
66.7%
Richmond, VA
64.1%
Columbia, SC
64.1%
Atlanta, GA
64.1%
Tallahassee, FL
61.5%
Montgomery, AL
61.5%
Columbus, OH
61.5%
Charleston, WV
59%
Frankfort, KY
59%
Phoenix, AZ
59%
Sacramento, CA
59%
Nashville, TN
56.4%
Answer % Correct
Salem, OR
56.4%
Olympia, WA
56.4%
Jackson, MS
53.8%
Lansing, MI
53.8%
Little Rock, AR
53.8%
Springfield, IL
53.8%
St. Paul, MN
53.8%
Denver, CO
53.8%
Cheyenne, WY
53.8%
Carson City, NV
53.8%
Baton Rouge, LA
51.3%
Austin, TX
51.3%
Jefferson City, MO
51.3%
Madison, WI
51.3%
Oklahoma City, OK
51.3%
Des Moines, IA
51.3%
Topeka, KS
51.3%
Lincoln, NE
51.3%
Pierre, SD
51.3%
Helena, MT
51.3%
Boise, ID
51.3%
Indianapolis, IN
48.7%
Santa Fe, NM
48.7%
Bismarck, ND
48.7%
Salt Lake City, UT
48.7%

You're not logged in!

Compare scores with friends on all Sporcle quizzes.
OR
Log In

Show Comments

Extras

Top Quizzes Today


Score Distribution

Your Account Isn't Verified!

In order to create a playlist on Sporcle, you need to verify the email address you used during registration. Go to your Sporcle Settings to finish the process.

Report this User

Report this user for behavior that violates our Community Guidelines.

Details: